| 000 | 00000nam 2200000za 4500 |
| 001 | 9.676799 |
| 003 | CaOODSP |
| 005 | 20230926102723 |
| 007 | cr ||||||||||| |
| 008 | 150407|1985||||xxc|||||o f|0| 0 eng d |
| 040 | |aCaOODSP|beng |
| 041 | |aeng |
| 041 | |afre |
| 043 | |an-cn--- |
| 086 | 1 |aYX44-1985/8-PDF |
| 110 | 1 |aCanada.|bStatutes. |
| 245 | 10|aRevised Statutes of Canada, 1985. Vol. VIII / |h[electronic resource]|c[issued by] Queen's Printer for Canada. |
| 260 | |aOttawa - Ontario : |bStatutes |cc1985. |
| 300 | |a1120p.|bfigs., tables |
| 500 | |a"Prepared under the authority of the Statute Revision Act"--p.1 of 1120. Contents: Chap. S-10, Shipping Conferences Exemption to Chap. Y-4, Yukon Quartz Mining. |
| 590 | |a14-22-Supp|b2014-12-24 |
| 690 | 07|aLegislation|2gcpds |
| 776 | 0#|tLois révisées du Canada (1985), vol. VIII |w(CaOODSP)9.652952 |
| 792 | |tLois révisées du Canada (1985). Vol. VIII / |efre|w(CaOODSP)9.676800 |
| 856 | 40|ahttp://publications.gc.ca|qPDF|s16.82 MB|uhttps://publications.gc.ca/collections/collection_2014/lois-statutes/YX44-1985-8.pdf |